000 00839nam a2200253 i 4500
001 186327
003 SpMaBN
005 20250816233154.0
008 161025s1991 sp |||| | spa d
020 _a84-323-0115-9
080 _a291.211.8
080 _a392
100 1 _aDouglas, Mary.
_945496
245 1 0 _aPureza y peligro
_b: un análisis de los conceptos de contaminación y tabú /
_cpor Mary Douglas ; [traducción de Edison Simons].
250 _a2ª ed. aum.
260 _aMadrid :
_bSiglo XXI de España,
_c1991.
300 _aXXXIII, 217 p. ;
_c18 cm.
504 _aBibliografía: p. [213]-217.
650 0 7 _aTabúes.
_917276
650 0 7 _aRitos y ceremonias
_2embne
_916917
700 1 _aSimons, Edison.
_9106586
852 _aES-MaACL
_jL-30687
_z. - Donat. Miguel A. Velasco
999 _c186327
_d186327